| 000 | 01050cam a2200169ua 4500 | ||
|---|---|---|---|
| 020 | _c7.00 | ||
| 041 |
_aeng _h |
||
| 082 |
_a691.116 _bIND/PE |
||
| 110 | 1 |
_aIndian standards institution . _bISI _c() |
|
| 245 |
_aPerformance requirements for adhesives for structural laminated wood products for use under exterier , exposure conditions,IS:9188-1979 / _cIndian standards institution. _hTextual Documents |
||
| 260 |
_aNew Delhi : _bIndian Standards Institution , _c1980. |
||
| 300 | _a14 ; . | ||
| 365 | _a7.00 | ||
| 504 | _a | ||
| 942 | _cBK | ||
| 999 |
_c4430 _d4430 |
||